000 00722nam a22002057a 4500
005 20240530110855.0
008 211003s2012 ua a g b 000 0 ara d
017 _a2003/4909
_bمصر. دار الكتب
020 _a9771715240
040 _aEG-CaGPL
_cEG-CaGPL
082 0 4 _221
_a338.4791\
_bم ص
100 0 _aماهر عبدالخالق السيسى
245 1 0 _aصناعة السياحة :
_bالاساسيات والمبادئ /
_cماهر عبدالخالق السيسى
250 _aط.1
260 _aالقاهرة :
_bماهر عبدالخالق السيسى ،
_c2003
300 _a301 ص. ؛
_c24 سم.
650 0 7 _2qrmak
_aالتنمية السياحية
651 _2qrmak
942 _2ddc
_cBK
999 _c66021
_d66021